02106nam a2200433 a 4500001001200000003000800012006001900020007001500039008004100054010001700095020004100112020002700153040002100180035002100201043002100222050002400243082001600267100003300283245013100316260003600447300001100483490008200494504006600576505029800642533015200940600003201092600003401124610003801158610004601196650001601242650004701258651004901305651004901354655002901403710001701432830008001449856012601529999001701655ebr10551962CaPaEBRm u cr cn|||||||||110526s2011 nyu sb 001 0 eng d z 2011021741 z9781433114311 (hardcover alk. paper) z9781453907948 (e-book) aCaPaEBRcCaPaEBR a(OCoLC)794489910 ae-uk-uian-us---14aBX5881b.E45 2011eb04a283/.732231 aElliott, Kenneth Ray,d1953-10aAnglican Church policy, eighteenth century conflict, and the American episcopateh[electronic resource] /cKenneth R. Elliott. aNew York :bPeter Lang,cc2011. a227 p.1 aAmerican university studies. VII, Theology and religion,x0740-0446 ;vv. 315 aIncludes bibliographical references (p. [209]-222) and index.0 aThe making of a controversy -- Churchmen and dissenters: continuities and discontinuities -- The ecclesiastical policy of Bishop Sherlock and colonial reaction -- Thomas Secker and eighteenth century discourse -- The sermon heard round the world -- Anglican tactics and the British government. aElectronic reproduction.bPalo Alto, Calif. :cebrary,d2011.nAvailable via World Wide Web.nAccess may be limited to ebrary affiliated libraries.10aSecker, Thomas,d1693-1768.10aSherlock, Thomas,d1678-1761.20aChurch of EnglandzUnited States.20aChurch of EnglandxHistoryy18th century. 0aEpiscopacy. 0aAnglican CommunionxHistoryy18th century. 0aGreat BritainxChurch historyy18th century. 0aUnited StatesxChurch historyy18th century. 7aElectronic books.2local2 aebrary, Inc. 0aAmerican university studies.nSeries VII,pTheology and religion ;vv. 315.40uhttp://site.ebrary.com/lib/rucke/Doc?id=10551962zAn electronic book accessible through the World Wide Web; click to view c91777d91777